000
00298nam a2200121Ia 4500
005
20251222143231.0
008
251222s9999||||xx |||||||||||||| ||spa||
020
_a
88-8272-040-3
082
_a
323.352/U61
245
0
_a
Il Nambino, suoi Diritti, Nostri Doveri
264
_b
Cantagalli
942
_c
LIB
999
_c
14211
_d
14211